[Event "Titled Tuesday intern op 09th Feb"]
[Site "Chess.com INT"]
[Date "2021.02.09"]
[Round "6"]
[White "Capone, Vincenzo"]
[Black "Kaminski, Victor Kazimierz"]
[Result "0-1"]
[WhiteElo "2169"]
[BlackElo "2247"]
[PlyCount "96"]
[EventDate "2021.02.09"]
[EventType "swiss (blitz)"]
[EventRounds "11"]
[EventCountry "USA"]
[SourceTitle "EXT 2022"]
[Source "ChessBase"]
[SourceDate "2021.10.06"]
[SourceVersion "1"]
[SourceVersionDate "2021.10.06"]
[SourceQuality "1"]

1. d4 Nf6 2. c4 e6 3. g3 d5 4. Bg2 Be7 5. Nf3 0-0 6. 0-0 dxc4 7. Qc2 b6 8. Ne5 Qxd4 9. Bxa8 Qxe5 10. Bg2 Nd5 11. Nc3 Nxc3 12. bxc3 Bf6 13. Ba3 c5 14. Rac1 h5 15. Qe4 Nd7 16. Rfd1 Qxe4 17. Bxe4 Ne5 18. Rc2 Ba6 19. Bc1 Bb5 20. Rcd2 Ba4 21. Bc2 Bb5 22. e4 Nd3 23. Bxd3 cxd3 24. Rxd3 Bxd3 25. Rxd3 c4 26. Rd7 Bxc3 27. Rxa7 Rd8 28. Be3 Rd1+ 29. Kg2 Rb1 30. Ra8+ Kh7 31. a4 e5 32. Ra7 Bd4 33. Rxf7 Bxe3 34. fxe3 c3 35. Rc7 Rb2+ 36. Kf3 c2 37. Rc6 g6 38. h4 Kg7 39. g4 hxg4+ 40. Kxg4 Rb4 41. Rxc2 Rxe4+ 42. Kf3 Rxa4 43. Kg3 Rb4 44. Rc6 Kh6 45. e4 Rxe4 46. Rxb6 Kh5 47. Rb8 Rg4+ 48. Kf3 Rxh4 0-1

[Event "Titled Tuesday intern op 09th Feb"]
[Site "Chess.com INT"]
[Date "2021.02.09"]
[Round "1"]
[White "Madaminov, Mukhiddin"]
[Black "Capone, Vincenzo"]
[Result "1-0"]
[WhiteElo "2258"]
[BlackElo "2169"]
[PlyCount "101"]
[EventDate "2021.02.09"]
[EventType "swiss (blitz)"]
[EventRounds "11"]
[EventCountry "USA"]
[SourceTitle "EXT 2022"]
[Source "ChessBase"]
[SourceDate "2021.10.06"]
[SourceVersion "1"]
[SourceVersionDate "2021.10.06"]
[SourceQuality "1"]

1. d4 Nf6 2. Nc3 d5 3. Bf4 Bf5 4. f3 c5 5. e3 Nc6 6. Nb5 Rc8 7. c3 a6 8. Na3 e6 9. Bd3 Bxd3 10. Qxd3 cxd4 11. cxd4 Bb4+ 12. Kf2 Nh5 13. Bg3 Na5 14. Ne2 0-0 15. Rac1 Qe7 16. Nb1 Nc4 17. Qb3 Nxg3 18. hxg3 e5 19. a3 Bd6 20. Rhd1 exd4 21. Nxd4 Bc5 22. Rd3 Rfe8 23. Re1 Qg5 24. f4 Qf6 25. Nd2 Nxe3 26. Rexe3 Rxe3 27. Kxe3 Re8+ 28. Kf3 Bxd4 29. Qxd5 Bxb2 30. Ne4 Qc6 31. Qxc6 bxc6 32. Rb3 Bd4 33. Nd6 Rd8 34. Nb7 Rb8 35. Ke4 c5 36. Nxc5 Rxb3 37. Nxb3 Bb6 38. a4 f6 39. Kd5 Kf7 40. g4 h6 41. Kc6 Bf2 42. a5 Be3 43. f5 g6 44. Nc5 h5 45. fxg6+ Kxg6 46. gxh5+ Kxh5 47. Nxa6 Kg4 48. Nb4 Kg3 49. a6 Kxg2 50. Nd5 Bg1 51. Nb6 1-0

[Event "Titled Tuesday intern op 09th Feb"]
[Site "Chess.com INT"]
[Date "2021.02.09"]
[Round "7"]
[White "Zhurbinsky, David J"]
[Black "Capone, Vincenzo"]
[Result "1-0"]
[WhiteElo "1823"]
[BlackElo "2169"]
[PlyCount "75"]
[EventDate "2021.02.09"]
[EventType "swiss (blitz)"]
[EventRounds "11"]
[EventCountry "USA"]
[SourceTitle "EXT 2022"]
[Source "ChessBase"]
[SourceDate "2021.10.06"]
[SourceVersion "1"]
[SourceVersionDate "2021.10.06"]
[SourceQuality "1"]

1. e4 c5 2. Nf3 Nc6 3. c4 d6 4. d4 Bg4 5. d5 Nd4 6. Be2 Bxf3 7. Bxf3 e5 8. Nc3 Nf6 9. 0-0 Be7 10. g3 0-0 11. Bg2 Ne8 12. f4 Bf6 13. f5 Bg5 14. a3 Nc7 15. b4 cxb4 16. axb4 a5 17. Rxa5 Rxa5 18. bxa5 Na6 19. Bxg5 Qxg5 20. Nb5 Qe3+ 21. Kh1 Nxb5 22. cxb5 Nc5 23. Re1 Qc3 24. Qa1 Qxa1 25. Rxa1 Ra8 26. Ra3 Kf8 27. Kg1 Ke7 28. Kf2 f6 29. Ke3 Kd7 30. Bf1 Ke7 31. Bc4 Kd7 32. g4 Rc8 33. a6 bxa6 34. bxa6 Nxe4 35. Bb5+ Kc7 36. Kxe4 Kb6 37. Bd3 Rc1 38. a7 1-0

[Event "Titled Tuesday intern op 06th Oct"]
[Site "Chess.com INT"]
[Date "2020.10.06"]
[Round "3"]
[White "Capone, Vincenzo"]
[Black "Kiran, Manisha Mohanty"]
[Result "0-1"]
[WhiteElo "2169"]
[BlackElo "2168"]
[PlyCount "82"]
[EventDate "2020.10.06"]
[EventType "swiss (blitz)"]
[EventRounds "10"]
[EventCountry "USA"]
[SourceTitle "CBM 198 Extra"]
[Source "ChessBase"]
[SourceDate "2020.11.30"]
[SourceVersion "1"]
[SourceVersionDate "2020.11.30"]
[SourceQuality "1"]

1. d4 Nf6 2. c4 g6 3. Nc3 d5 4. cxd5 Nxd5 5. Bd2 Bg7 6. e4 Nb6 7. Be3 0-0 8. h3 f5 9. exf5 Bxf5 10. Nf3 Nc6 11. Bb5 Nb4 12. Qb3+ N4d5 13. Nxd5 Nxd5 14. 0-0 Kh8 15. Bc4 Be4 16. Nd2 Nxe3 17. fxe3 Bc6 18. d5 Bd7 19. Rxf8+ Qxf8 20. Rf1 Qc8 21. Ne4 h6 22. Bd3 Bf5 23. g4 Bxg4 24. hxg4 Qxg4+ 25. Kh1 Qh3+ 26. Kg1 Qxe3+ 27. Kg2 Be5 28. Qd1 Rg8 29. Qf3 Qxf3+ 30. Kxf3 Rf8+ 31. Kg2 Rxf1 32. Bxf1 Bxb2 33. Nc5 b6 34. Ne6 Be5 35. Nd8 Bd6 36. Nc6 a5 37. Bd3 Kg7 38. Kf3 Kf6 39. Nd4 h5 40. Nb5 Be5 41. a4 g5 0-1

[Event "Titled Tuesday intern op 5th May"]
[Site "Chess.com INT"]
[Date "2020.05.05"]
[Round "1"]
[White "Capone, Vincenzo"]
[Black "Maltsevskaya, Aleksandra"]
[Result "0-1"]
[WhiteElo "2169"]
[BlackElo "2272"]
[PlyCount "168"]
[EventDate "2020.05.05"]
[EventType "swiss (blitz)"]
[EventRounds "10"]
[EventCountry "USA"]
[SourceTitle "EXT 2021"]
[Source "ChessBase"]
[SourceDate "2020.10.23"]
[SourceVersion "1"]
[SourceVersionDate "2020.10.23"]
[SourceQuality "1"]

1. e4 c5 2. c3 d5 3. exd5 Qxd5 4. d4 Nc6 5. Nf3 Bg4 6. Be2 Nf6 7. Be3 cxd4 8. cxd4 e6 9. Nc3 Qd6 10. 0-0 Be7 11. h3 Bh5 12. Qb3 0-0 13. Rfd1 Qb4 14. Qxb4 Nxb4 15. Rac1 Nfd5 16. a3 Nxc3 17. Rxc3 Nd5 18. Rcc1 Rac8 19. g4 Bg6 20. Bc4 Nb6 21. Bb3 Be4 22. Ne5 Bd6 23. Nc4 Nxc4 24. Bxc4 Bf3 25. Re1 Rc7 26. Bf1 Rxc1 27. Rxc1 Rd8 28. Bg2 Bxg2 29. Kxg2 f6 30. Kf3 Kf7 31. Ke4 g6 32. f3 f5+ 33. Kd3 Rd7 34. Rc8 Be7 35. Kc3 Bf6 36. a4 f4 37. Bf2 e5 38. dxe5 Bxe5+ 39. Kc2 Ke6 40. Re8+ Kd5 41. Rc8 b6 42. b3 Ke6 43. Rc6+ Kd5 44. Rc8 Bc7 45. Ra8 Bd6 46. Rc8 Re7 47. Kd3 Be5 48. Rd8+ Bd6 49. Rc8 Rd7 50. Rc4 Be5 51. Rc8 Bc7 52. Re8 Be5 53. Rc8 Ke6+ 54. Kc2 Bc7 55. Re8+ Kd5 56. Kd3 Bd6 57. Rc8 Be5 58. Rc1 Ke6+ 59. Ke4 Bd6 60. Rd1 Rc7 61. Rd4 Rc3 62. Rd3 Rc2 63. Bd4 g5 64. Rc3 Re2+ 65. Kd3 Rh2 66. Kc4 a6 67. Bxb6 Be5 68. Rd3 Rc2+ 69. Kb4 Rc6 70. Bc5 Bc7 71. a5 Be5 72. Kc4 Rc8 73. Rd5 Rc7 74. b4 Rc8 75. b5 axb5+ 76. Kxb5 Kxd5 77. a6 Rxc5+ 78. Kb6 Rc6+ 79. Kb7 Bd4 80. h4 Rb6+ 81. Kc8 Rxa6 82. Kd7 Ra7+ 83. Ke8 Ke6 84. Kf8 Ra8# 0-1

[Event "Titled Tuesday intern op 5th May"]
[Site "Chess.com INT"]
[Date "2020.05.05"]
[Round "4"]
[White "Capone, Vincenzo"]
[Black "Urh, Zala"]
[Result "0-1"]
[WhiteElo "2169"]
[BlackElo "2108"]
[PlyCount "74"]
[EventDate "2020.05.05"]
[EventType "swiss (blitz)"]
[EventRounds "10"]
[EventCountry "USA"]
[SourceTitle "EXT 2021"]
[Source "ChessBase"]
[SourceDate "2020.10.23"]
[SourceVersion "1"]
[SourceVersionDate "2020.10.23"]
[SourceQuality "1"]

1. e4 c5 2. c3 d5 3. exd5 Qxd5 4. d4 Nc6 5. Nf3 Nf6 6. Na3 cxd4 7. Nb5 Qd8 8. Nbxd4 e6 9. Nxc6 Qxd1+ 10. Kxd1 bxc6 11. Be3 Be7 12. Ne5 Bb7 13. Be2 0-0 14. Kc2 Nd5 15. Bd2 f6 16. Nd3 e5 17. Bf3 Rfd8 18. c4 Nc7 19. Bb4 Bxb4 20. Nxb4 Ne6 21. Kc3 Nd4 22. Bd1 a5 23. Nc2 c5 24. f3 Bc6 25. Ne3 Rab8 26. Bc2 g6 27. Be4 Bxe4 28. fxe4 f5 29. Nd5 Kf7 30. exf5 gxf5 31. Rhf1 Ke6 32. Rae1 Rb7 33. Nf4+ Kd6 34. Nd3 e4 35. Nf4 Rdb8 36. b3 a4 37. bxa4 Rb2 0-1

[Event "Titled Tuesday intern op 5th May"]
[Site "Chess.com INT"]
[Date "2020.05.05"]
[Round "2"]
[White "Safin, Robert"]
[Black "Capone, Vincenzo"]
[Result "1-0"]
[WhiteElo "2287"]
[BlackElo "2169"]
[PlyCount "95"]
[EventDate "2020.05.05"]
[EventType "swiss (blitz)"]
[EventRounds "10"]
[EventCountry "USA"]
[SourceTitle "EXT 2021"]
[Source "ChessBase"]
[SourceDate "2020.10.23"]
[SourceVersion "1"]
[SourceVersionDate "2020.10.23"]
[SourceQuality "1"]

1. d4 Nf6 2. Nf3 e6 3. g3 d5 4. Bg2 Bd6 5. 0-0 0-0 6. c4 dxc4 7. Qc2 Nbd7 8. Qxc4 c5 9. Nc3 a6 10. dxc5 Bxc5 11. Qh4 Qa5 12. a3 Be7 13. b4 Qh5 14. Qxh5 Nxh5 15. Bb2 Bf6 16. e3 g6 17. g4 Ng7 18. g5 Be7 19. Ne4 Nf5 20. Rfd1 Rd8 21. Rd2 Nb6 22. Rxd8+ Bxd8 23. Rd1 Be7 24. Nf6+ Bxf6 25. Bxf6 Bd7 26. Bd4 Nxd4 27. Nxd4 Rb8 28. Nb3 Ba4 29. Rd3 Bxb3 30. Rxb3 Nc4 31. Rc3 Nd6 32. Rc7 Kf8 33. a4 Ke8 34. Rc5 Kd7 35. e4 b6 36. Rc3 Rc8 37. Rd3 Ke7 38. e5 Nf5 39. Bf1 Rc4 40. a5 bxa5 41. bxa5 Rc5 42. Ra3 Rxe5 43. Bxa6 Nh4 44. f4 Rc5 45. Be2 Nf5 46. a6 Rc8 47. a7 Ra8 48. Bf3 1-0

[Event "Titled Tuesday intern op 28th Apr"]
[Site "Chess.com INT"]
[Date "2020.04.28"]
[Round "4"]
[White "Capone, Vincenzo"]
[Black "Smith, Tommy"]
[Result "1-0"]
[WhiteElo "2169"]
[BlackElo "2275"]
[PlyCount "65"]
[EventDate "2020.04.28"]
[EventType "swiss (blitz)"]
[EventRounds "10"]
[EventCountry "USA"]
[SourceTitle "EXT 2021"]
[Source "ChessBase"]
[SourceDate "2020.10.23"]
[SourceVersion "1"]
[SourceVersionDate "2020.10.23"]
[SourceQuality "1"]

1. g3 e5 2. Bg2 f5 3. c4 Nf6 4. Nh3 Bc5 5. 0-0 0-0 6. Nc3 d6 7. Na4 Bb6 8. d3 h6 9. Nxb6 axb6 10. b4 Qe8 11. e3 Qg6 12. f4 Nc6 13. Bd2 Ra3 14. Qc2 Qh5 15. Nf2 Kh8 16. b5 Ne7 17. fxe5 Nh7 18. exd6 cxd6 19. Bb4 Ra8 20. Bxd6 Re8 21. Nh3 Ng6 22. Rae1 Nf6 23. Nf2 Ne5 24. Bxe5 Rxe5 25. Qe2 Qe8 26. Qd2 Ra3 27. Re2 f4 28. gxf4 Rh5 29. Ne4 Ng4 30. Bf3 Qg6 31. Rg2 Rh3 32. Bxg4 Bxg4 33. Nf2 1-0

[Event "Titled Tuesday intern op 28th Apr"]
[Site "Chess.com INT"]
[Date "2020.04.28"]
[Round "6"]
[White "Kopylov, Michael"]
[Black "Capone, Vincenzo"]
[Result "1-0"]
[WhiteElo "2407"]
[BlackElo "2169"]
[PlyCount "87"]
[EventDate "2020.04.28"]
[EventType "swiss (blitz)"]
[EventRounds "10"]
[EventCountry "USA"]
[SourceTitle "EXT 2021"]
[Source "ChessBase"]
[SourceDate "2020.10.23"]
[SourceVersion "1"]
[SourceVersionDate "2020.10.23"]
[SourceQuality "1"]

1. e4 c5 2. Nf3 d6 3. d4 cxd4 4. Nxd4 Nf6 5. Nc3 Nc6 6. Bg5 Bd7 7. Qd2 Rc8 8. 0-0-0 h6 9. Bh4 g5 10. Bg3 Bg7 11. Nxc6 Bxc6 12. Qe1 Nd7 13. h4 g4 14. Kb1 Qa5 15. Bc4 Ne5 16. Bb3 b5 17. Qe2 h5 18. f4 Nc4 19. e5 Qb4 20. Rhe1 0-0 21. Bxc4 bxc4 22. a3 Qc5 23. Qe3 Qa5 24. Rd4 d5 25. f5 f6 26. e6 Rb8 27. Kc1 Rb7 28. Bf4 Rfb8 29. Nd1 Qb6 30. Qc3 Qc5 31. Bxb8 Rxb8 32. Ne3 Bh6 33. Kb1 Rd8 34. Red1 Rd6 35. g3 Bf8 36. Ng2 Bh6 37. Nf4 a5 38. Nxh5 Bb7 39. Rxg4+ Kh7 40. Rg6 d4 41. Rxh6+ Kxh6 42. Qd2+ Kh7 43. Qf4 c3 44. Qg4 1-0

[Event "Montesilvano Adriatico op 2nd"]
[Site "Montesilvano"]
[Date "2013.03.02"]
[Round "2"]
[White "Capone, Vincenzo"]
[Black "Di Martino, Antonio"]
[Result "1-0"]
[WhiteElo "2185"]
[BlackElo "1847"]
[PlyCount "69"]
[EventDate "2013.03.01"]
[EventType "swiss"]
[EventRounds "5"]
[EventCountry "ITA"]
[SourceTitle "CBM 153 Extra"]
[Source "ChessBase"]
[SourceDate "2013.04.22"]
[SourceVersion "1"]
[SourceVersionDate "2013.04.22"]
[SourceQuality "1"]

1. d4 d5 2. c4 e6 3. Nf3 Nf6 4. g3 Be7 5. Bg2 0-0 6. 0-0 Nbd7 7. Qc2 Re8 8. Nbd2 c6 9. e4 dxe4 10. Nxe4 Nxe4 11. Qxe4 Bf6 12. Rd1 Nb6 13. Qc2 Qe7 14. a4 Nd7 15. b3 e5 16. Ba3 Qe6 17. Re1 e4 18. Ng5 Bxg5 19. Rxe4 Nf8 20. Rxe6 Nxe6 21. Bb2 Bd7 22. Be4 g6 23. d5 Nc5 24. Qc3 f6 25. Bg2 Rf8 26. Ba3 b6 27. dxc6 Be6 28. Re1 Rae8 29. f4 Bh6 30. b4 Na6 31. b5 Nc5 32. Bxc5 bxc5 33. Rxe6 Rxe6 34. Bd5 Rfe8 35. Qxf6 1-0

[Event "Napoli Province-ch 2012"]
[Site "Napoli"]
[Date "2012.02.02"]
[Round "7"]
[White "Capone, Vincenzo"]
[Black "Buiano, Fabio"]
[Result "1-0"]
[WhiteElo "2176"]
[BlackElo "2036"]
[PlyCount "47"]
[EventDate "2011.12.15"]
[EventType "swiss"]
[EventRounds "7"]
[EventCountry "ITA"]
[SourceTitle "EXT 2018"]
[Source "ChessBase"]
[SourceDate "2017.10.13"]
[SourceVersion "1"]
[SourceVersionDate "2017.10.13"]
[SourceQuality "1"]

1. d4 d6 2. Nf3 Bg4 3. c4 Bxf3 4. exf3 g6 5. Nc3 Bg7 6. Be3 Nh6 7. g4 f6 8. h4 Nd7 9. Qd2 Nf7 10. d5 0-0 11. Be2 Re8 12. f4 e6 13. dxe6 Rxe6 14. f5 Re5 15. fxg6 hxg6 16. 0-0-0 a6 17. f4 Re8 18. Bd3 Nf8 19. g5 f5 20. h5 Bxc3 21. bxc3 c5 22. hxg6 Nxg6 23. Bxf5 Kg7 24. Bxg6 1-0

[Event "Napoli Porreca Cup 1st"]
[Site "Napoli"]
[Date "2011.09.29"]
[Round "2"]
[White "Seletsky, Grigory"]
[Black "Capone, Vincenzo"]
[Result "0-1"]
[WhiteElo "2296"]
[BlackElo "2176"]
[PlyCount "102"]
[EventDate "2011.09.22"]
[EventType "swiss"]
[EventRounds "7"]
[EventCountry "ITA"]
[SourceTitle "EXT 2018"]
[Source "ChessBase"]
[SourceDate "2017.10.13"]
[SourceVersion "1"]
[SourceVersionDate "2017.10.13"]
[SourceQuality "1"]

1. e4 c5 2. Nf3 d6 3. c3 Nf6 4. h3 Nbd7 5. Qc2 Qc7 6. d3 g6 7. Be2 Bg7 8. 0-0 0-0 9. Nh2 d5 10. f4 dxe4 11. dxe4 e5 12. f5 c4 13. g4 Rd8 14. g5 Ne8 15. Ng4 Nd6 16. Be3 b5 17. Nd2 Bb7 18. b4 cxb3 19. axb3 Rdc8 20. f6 Bf8 21. Rfc1 b4 22. c4 Nb5 23. Nf2 Nd4 24. Qd1 Nc5 25. Bg4 Rd8 26. Rab1 Bc6 27. Qf1 Qb7 28. Bxd4 exd4 29. Re1 Re8 30. e5 h5 31. Bd1 d3 32. Re3 Rad8 33. h4 Bd6 34. Qe1 Bc7 35. Bf3 Rd4 36. Nd1 Rf4 37. Kg2 Ne6 38. Kg3 Rf5 39. Nf2 Nf4 40. Bxc6 Qxc6 41. Nf3 Ne2+ 42. Kg2 Nd4 43. Qd1 Rexe5 44. Rxd3 Rxf3 45. Rxf3 Rf5 46. Qxd4 Qxf3+ 47. Kg1 Bb6 48. c5 Bxc5 49. Qd8+ Kh7 50. Rf1 Bxf2+ 51. Kh2 Qg3+ 0-1

[Event "Napoli Estate al Vomero op 5th"]
[Site "Napoli"]
[Date "2011.06.16"]
[Round "6"]
[White "Capone, Vincenzo"]
[Black "Rosato, Luciano"]
[Result "1-0"]
[WhiteElo "2128"]
[BlackElo "2272"]
[PlyCount "103"]
[EventDate "2011.05.08"]
[EventType "swiss"]
[EventRounds "7"]
[EventCountry "ITA"]
[SourceTitle "EXT 2018"]
[Source "ChessBase"]
[SourceDate "2017.10.13"]
[SourceVersion "1"]
[SourceVersionDate "2017.10.13"]
[SourceQuality "1"]

1. d4 Nf6 2. c4 g6 3. g3 Bg7 4. Bg2 c5 5. d5 0-0 6. Nf3 d6 7. 0-0 e6 8. Nc3 e5 9. Ne1 Nh5 10. e4 Na6 11. Be3 Qe7 12. Nd3 Bd7 13. Qd2 Rac8 14. a3 b6 15. Rae1 f6 16. f4 Bh6 17. Bf3 Ng7 18. g4 g5 19. f5 Ne8 20. h4 Qg7 21. Kf2 Nec7 22. Rh1 Kf7 23. Rh3 Rh8 24. Reh1 b5 25. cxb5 c4 26. bxa6 cxd3 27. Qxd3 Rb8 28. b4 Nb5 29. Nxb5 Bxb5 30. Qd2 Bxa6 31. Rc1 Rbc8 32. Rhh1 Rhd8 33. a4 Kg8 34. b5 Bb7 35. a5 a6 36. b6 Rxc1 37. Rxc1 Qe7 38. Be2 Rd7 39. Bd3 Qd8 40. Bc2 Bg7 41. Ba4 Rf7 42. hxg5 fxg5 43. Bxg5 Bf6 44. Bxf6 Qxf6 45. g5 Qd8 46. Bc6 h6 47. Rg1 Kf8 48. Rh1 Bc8 49. Rxh6 Kg7 50. g6 Rf8 51. Rh7+ Kf6 52. Qh6 1-0

[Event "Bisaccia op 3rd"]
[Site "Bisaccia"]
[Date "2011.06.02"]
[Round "1"]
[White "Vena, Antonio"]
[Black "Capone, Vincenzo"]
[Result "0-1"]
[WhiteElo "1774"]
[BlackElo "2128"]
[PlyCount "108"]
[EventDate "2011.06.08"]
[EventType "swiss"]
[EventRounds "7"]
[EventCountry "ITA"]
[SourceTitle "EXT 2014"]
[Source "ChessBase"]
[SourceDate "2013.11.20"]
[SourceVersion "1"]
[SourceVersionDate "2013.11.20"]
[SourceQuality "1"]

1. e4 e6 2. d3 c5 3. Nd2 Nc6 4. Ngf3 Nge7 5. c3 d5 6. g3 Qc7 7. Bg2 g6 8. 0-0 Bg7 9. Re1 0-0 10. Qe2 f6 11. h4 d4 12. e5 dxc3 13. bxc3 Nd5 14. Ne4 Nxe5 15. c4 Nxf3+ 16. Bxf3 Ne7 17. Bb2 Nf5 18. h5 Bd7 19. hxg6 hxg6 20. Kg2 Kf7 21. Rad1 Rfe8 22. d4 cxd4 23. Bxd4 Bc6 24. Qb2 Bxe4 25. Bxe4 Nxd4 26. Qxd4 f5 27. Qd7+ Re7 28. Qxc7 Rxc7 29. Bf3 Re8 30. Rd3 b6 31. Rde3 Kf6 32. Bd5 Rce7 33. Bc6 Rd8 34. Bd5 Rd6 35. Bf3 Rc7 36. Be2 e5 37. Bd1 e4 38. Bb3 Bh6 39. R3e2 Rd3 40. Rd1 Rxd1 41. Bxd1 Rxc4 42. Bb3 Rc3 43. g4 Bf4 44. gxf5 gxf5 45. Re1 Rc1 46. Re2 b5 47. Bd5 Ke5 48. Bf7 Rc7 49. Bb3 Rc1 50. Rb2 a6 51. Bf7 Rc5 52. Bb3 Bc1 53. Re2 f4 54. Bc2 f3+ 0-1

[Event "Napoli Estate al Vomero op 5th"]
[Site "Napoli"]
[Date "2011.05.19"]
[Round "3"]
[White "Capone, Vincenzo"]
[Black "Messina, Enrico"]
[Result "1-0"]
[WhiteElo "2128"]
[BlackElo "2127"]
[PlyCount "49"]
[EventDate "2011.05.08"]
[EventType "swiss"]
[EventRounds "7"]
[EventCountry "ITA"]
[SourceTitle "EXT 2018"]
[Source "ChessBase"]
[SourceDate "2017.10.13"]
[SourceVersion "1"]
[SourceVersionDate "2017.10.13"]
[SourceQuality "1"]

1. d4 c5 2. d5 e5 3. e4 d6 4. Bb5+ Bd7 5. a4 Be7 6. Ne2 Bg5 7. f4 exf4 8. Nxf4 Nh6 9. Ne6 fxe6 10. Qh5+ Nf7 11. dxe6 0-0 12. exf7+ Rxf7 13. Bxg5 Qe8 14. Bc4 Be6 15. Qe2 Nc6 16. Nd2 Nd4 17. Qd3 d5 18. Bb5 Qb8 19. c3 Nxb5 20. axb5 Qe5 21. Be3 dxe4 22. Qxe4 Qd6 23. 0-0-0 Bf5 24. Qc4 Bd3 25. Ne4 1-0

[Event "Porto San Giorgio op-A 21st"]
[Site "Porto San Giorgio"]
[Date "2009.08.22"]
[Round "2"]
[White "Izsak, Gyula"]
[Black "Capone, Vincenzo"]
[Result "1-0"]
[WhiteElo "2444"]
[BlackElo "2133"]
[PlyCount "59"]
[EventDate "2009.08.21"]
[EventType "swiss"]
[EventRounds "9"]
[EventCountry "ITA"]
[SourceTitle "CBM 131 Extra"]
[Source "ChessBase"]
[SourceDate "2009.09.03"]
[SourceVersion "2"]
[SourceVersionDate "2009.09.16"]
[SourceQuality "1"]

1. d4 Nf6 2. Nf3 e6 3. c4 b6 4. g3 Ba6 5. Qa4 c6 6. Bg2 b5 7. cxb5 cxb5 8. Qd1 d5 9. 0-0 Nbd7 10. Bf4 Be7 11. Nbd2 0-0 12. Nb3 Rc8 13. Ne5 Nxe5 14. dxe5 Nd7 15. e4 dxe4 16. Bxe4 b4 17. Re1 Nc5 18. Nxc5 Qxd1 19. Rexd1 Bxc5 20. Rac1 Bb6 21. Kg2 Bb5 22. Kf3 a5 23. Be3 Bxe3 24. Kxe3 h6 25. Bb7 Rb8 26. Rc7 a4 27. Rd4 b3 28. a3 Rfd8 29. Rxd8+ Rxd8 30. Rc8 1-0

[Event "Bisaccia op"]
[Site "Bisaccia"]
[Date "2009.06.02"]
[Round "7"]
[White "Stromboli, Carlo"]
[Black "Capone, Vincenzo"]
[Result "1/2-1/2"]
[WhiteElo "2283"]
[BlackElo "2115"]
[PlyCount "79"]
[EventDate "2009.05.29"]
[EventType "swiss"]
[EventRounds "7"]
[EventCountry "ITA"]
[SourceTitle "EXT 2011"]
[Source "ChessBase"]
[SourceDate "2010.11.26"]
[SourceVersion "1"]
[SourceVersionDate "2010.11.26"]
[SourceQuality "1"]

1. e4 c5 2. Nf3 d6 3. d4 cxd4 4. Nxd4 Nf6 5. Nc3 Nc6 6. Nb3 g6 7. Be2 Bg7 8. h4 Be6 9. Be3 h5 10. Nd4 Nxd4 11. Qxd4 0-0 12. Qd2 Qa5 13. f3 Rfd8 14. Bd4 Nd7 15. Bxg7 Kxg7 16. Nb5 Qxd2+ 17. Kxd2 Rdc8 18. b3 Nf6 19. Nd4 Bd7 20. c4 a6 21. Rhc1 Rc7 22. Nc2 Be8 23. Nb4 e6 24. Ke3 Kf8 25. Rd1 Ke7 26. Rd2 Rd8 27. Rad1 Rcc8 28. Nc2 a5 29. Nd4 b6 30. Bf1 Bd7 31. Nc2 Bc6 32. Nd4 Bd7 33. Be2 Be8 34. g3 Bd7 35. Bf1 Be8 36. Bh3 Bd7 37. Bg2 Be8 38. Bh3 Bd7 39. Bg2 Be8 40. a4 1/2-1/2

[Event "Bisaccia op"]
[Site "Bisaccia"]
[Date "2009.05.30"]
[Round "2"]
[White "Capone, Vincenzo"]
[Black "Serafimov, Tervel"]
[Result "1/2-1/2"]
[WhiteElo "2115"]
[BlackElo "2388"]
[PlyCount "77"]
[EventDate "2009.05.29"]
[EventType "swiss"]
[EventRounds "7"]
[EventCountry "ITA"]
[SourceTitle "EXT 2011"]
[Source "ChessBase"]
[SourceDate "2010.11.26"]
[SourceVersion "1"]
[SourceVersionDate "2010.11.26"]
[SourceQuality "1"]

1. d4 d5 2. c4 e6 3. Nc3 b6 4. cxd5 exd5 5. Bf4 Bb7 6. Nf3 a6 7. e3 Nf6 8. Bd3 Be7 9. h3 0-0 10. 0-0 c5 11. Ne5 Nc6 12. Nxc6 Bxc6 13. Qf3 Qd7 14. g4 g6 15. Be5 Ne8 16. e4 dxe4 17. Bxe4 Bxe4 18. Qxe4 Rc8 19. Qd5 Rd8 20. Qxd7 Rxd7 21. dxc5 Bxc5 22. Ne4 f6 23. Nxc5 bxc5 24. Bf4 Nc7 25. Rfd1 Nd5 26. Rd2 Rfd8 27. Rad1 Nb6 28. Rxd7 Rxd7 29. Rc1 c4 30. Be3 Nd5 31. Rxc4 Nxe3 32. fxe3 Rd1+ 33. Kf2 Rd2+ 34. Kf3 Rxb2 35. Ra4 Rb6 36. h4 Kf7 37. Rc4 Ke6 38. Rc5 Rd6 39. Ra5 1/2-1/2

[Event "Bratto op 25th"]
[Site "Bratto"]
[Date "2005.08.26"]
[Round "7"]
[White "Capone, Vincenzo"]
[Black "Ricci, Alfredo"]
[Result "1-0"]
[WhiteElo "2123"]
[BlackElo "2015"]
[PlyCount "65"]
[EventDate "2005.08.20"]
[EventType "swiss"]
[EventRounds "9"]
[EventCountry "ITA"]
[SourceTitle "CBM 108 Extra"]
[Source "ChessBase"]
[SourceDate "2005.11.04"]
[SourceVersion "1"]
[SourceVersionDate "2005.11.04"]
[SourceQuality "1"]

1. e4 c5 2. Nf3 e6 3. d3 g6 4. Nbd2 Bg7 5. g3 d5 6. Bg2 Nf6 7. 0-0 0-0 8. c3 Nc6 9. e5 Nd7 10. d4 b6 11. Re1 Bb7 12. Nf1 h6 13. h4 Rc8 14. Bf4 cxd4 15. cxd4 Nb4 16. Ne3 Qe7 17. a3 Nc6 18. Ng4 h5 19. Bg5 f6 20. exf6 Nxf6 21. Nge5 Kh7 22. Bf1 Qe8 23. Bxf6 Bxf6 24. Bd3 Bxe5 25. Nxe5 Nxe5 26. Qxh5+ Kg7 27. Qxe5+ Rf6 28. g4 Kf7 29. Re3 Qe7 30. g5 Rf5 31. Bxf5 gxf5 32. Rae1 Rc6 33. Qxf5+ 1-0

[Event "Bratto op 25th"]
[Site "Bratto"]
[Date "2005.08.24"]
[Round "5"]
[White "Capone, Vincenzo"]
[Black "Lanzani, Giuliano"]
[Result "1-0"]
[WhiteElo "2123"]
[BlackElo "2074"]
[PlyCount "129"]
[EventDate "2005.08.20"]
[EventType "swiss"]
[EventRounds "9"]
[EventCountry "ITA"]
[SourceTitle "CBM 108 Extra"]
[Source "ChessBase"]
[SourceDate "2005.11.04"]
[SourceVersion "1"]
[SourceVersionDate "2005.11.04"]
[SourceQuality "1"]

1. e4 e5 2. Nf3 Nc6 3. Bb5 a6 4. Ba4 Nf6 5. 0-0 b5 6. Bb3 Bc5 7. c3 d6 8. a4 Rb8 9. d4 Bb6 10. axb5 axb5 11. dxe5 Nxe5 12. Nxe5 dxe5 13. Qxd8+ Kxd8 14. Re1 Ke7 15. Nd2 Bb7 16. Bc2 Ra8 17. Rxa8 Rxa8 18. h3 Nd7 19. b4 c5 20. bxc5 Nxc5 21. Nf3 f6 22. Be3 Ra3 23. c4 Rc3 24. Rb1 Rxc2 25. Rxb5 Rxc4 26. Rxb6 Bxe4 27. Nd2 Rc1+ 28. Kh2 Bd5 29. Rb5 Kd6 30. Ne4+ Nxe4 31. Bxc1 Nxf2 32. Ba3+ Ke6 33. g4 e4 34. Bc5 Nd3 35. Be3 g6 36. Kg3 f5 37. gxf5+ gxf5 38. Bf4 Bc6 39. Ra5 h5 40. h4 Bd7 41. Ra6+ Ke7 42. Bg5+ Kf8 43. Rd6 f4+ 44. Bxf4 Nxf4 45. Kxf4 Bg4 46. Kxe4 Ke7 47. Ke5 Be2 48. Rb6 Bf3 49. Ra6 Be2 50. Ra7+ Ke8 51. Kf6 Bg4 52. Rh7 Bf3 53. Rh8+ Kd7 54. Rf8 Bg4 55. Rf7+ Ke8 56. Re7+ Kf8 57. Re5 Bf3 58. Kg6 Bg4 59. Re1 Bd7 60. Kxh5 Be8+ 61. Kg5 Bf7 62. Kf6 Bh5 63. Re5 Bf3 64. h5 Kg8 65. Kg6 1-0